Statystyki dla Polska scena League of Legends

Kliknij tutaj aby rozwiązać quiz!

Ogólne statystyki

  • Ten quiz został rozwiązany 783 razy
  • Średni wynik to 7 z 15

Statystyki odpowiedzi

OpisZawodnik% Poprawnych
Najbardziej znany polski jungler. Król pierwszej krwii.Marcin "Jankos" Jankowski
100%
Były gracz H2K, jest łysy.Oskar "Vander" Bogdan
78%
"C**j długości WiFi kabla, jego imię Paweł Szabla."Paweł "Delord" Szabla
75%
Polski ADC, po kilku latach powrócił do LEC.Paweł "Woolite" Pruski
70%
Były jungler Rogue. Aktualnie nie jest związany z żadna drużyną.Mateusz "Kikis" Szkudlarek
50%
Były grasz hiszpańskiej ligi. Od 2019 r. gra w LEC. Został ogłoszony "Rookie of the Split"Oskar "Selfmade" Boderek
50%
Były polski gracz, aktualnie jeden z najpopularniejszych polskich streamerów. Nosi imię syna Veggiego.Remigiusz "Overpow" Pusch
49%
Support w jednej z najlepszych europejskich drużyn. Lubi trashtalk.Jakub "Jactroll" Skurzyński
48%
Polski toplaner. Wygrał pierwsze worldsy w barwach Fnatic.Maciej "Shushei" Ratuszniak
45%
Akutalny jungler IHG. Przefarbował się na blond.Artur "Rybson" Gębicz
42%
Były jungler IHG. Znany z Olafa na V4.Wojciech "Tabasko" Kruza
36%
Były gracz Pride. Jeden z lepszych graczy ThreshaAdrian "Trymbi" Trybus
30%
Ezreal + EU Masters.Damian "defles" Filipow
11%
Toplaner. Jego drużyna stoczyła walkę z IHG o półfinał sezonu 1 UltraligiMarcin "Unknown" Kubicki
6%
5. Jego drużyna zajeła ostatnie miejsce w sezionie 1 Ultraligi.Piotr "SuperAZE" Prokop
2%

Rozkład punktacji

Percentyl według liczby udzielonych odpowiedzi

Procent ludzi z każdym wynikiem

Twoja historia wyników

Nie rozwiązałeś tego quizu